Janicka, Danuta. Prawo karne w trzech rewizjach prawa chełmińskiego z XVI wieku. - Toruń : TNT. - 1992 [Rezension]

Titel: Janicka, Danuta. Prawo karne w trzech rewizjach prawa chełmińskiego z XVI wieku. - Toruń : TNT. - 1992 [Rezension]
Verfasser:
In: Kwartalnik historyczny, Band 100, Heft 3 (1993), Seite 119-120
alle Artikel anzeigen
Veröffentlicht: 1993 [1994]
Format: Aufsatz
Sprache: Polnisch
Kein Bild verfügbar
X
alg: 39504482
001A    $01999:12-11-16 
001B    $01999:04-08-21 $t21:03:01.000 
001D    $01999:12-11-16 
001U    $0utf8 
001X    $00 
002@    $0Aox 
003@    $0395044820 
007A    $0395044820 $aHEB 
007T    $0Herd31964 
010@    $apol 
011@    $a1993 $n1993 [1994] 
021A    $aJanicka, Danuta. @Prawo karne w trzech rewizjach prawa chełmińskiego z XVI wieku. - Toruń : TNT. -  1992 [Rezension] 
028A    $aMikołajczyk $dMarian 
031A    $d100 $e3 $h119-120 $j1993 
039B    $aIn $8--Abvc--. Kwartalnik historyczny. - [Polnische Ausgabe]. - Warszawa : Instytut Historii im. Tadeusza Manteuffla Polskiej Akademii Nauk, 1887-. - ISSN 0023-5903 $x199300001000003881 $9047337249 
039T    $8--Aauc--Janicka, Danuta$Z1960- [Tp3]. @Prawo karne w trzech rewizjach prawa chełmińskiego z XVI wieku. - Wyd. 1.. - Toruń : TNT, 1992. - 150 S.. - ISBN 83-85196-50-1 $9028348230 
045F    $a900.94382 $eDDC23BSB 
045F/01 $a900 
045F/03 $g4382 
045F/03 $g43832 
045T    $a7,41 $a8 

lok: 39504482 78

exp: 39504482 78 1 #EPN
201B/01 $018-11-16 $t13:34:34.000 
201U/01 $0utf8 
203@/01 $079134343X 
208@/01 $a12-11-16 $be 
209A/01 $a/ $f000 $x00 
220C/01 $aTitelaufnehmer: ra 
244Z/01 $2Trx $#Prusy Wschodnie i Zachodnie $8--Trx--Ost- und Westpreußen $x01 $939113373X 
244Z/01 $2Trx $#arvustused $#recenzijos $#Reviews $#recenziók $#recenzje $#recenzie $#recenze $8--Trx--Rezensionen $x02 $9391357441 
247C/01 $82080>Marburg/Lahn, Herder-Institut, Forschungsbibliothek, Bibliographieportal $9336309341
LEADER 00000caa a22000002c 4500
001 395044820
003 DE-603
005 20210804210301.0
007 tu
008 161112s1993 xx |||| | u00||u|pol c
035 |a (DE-599)HEB395044820 
040 |a DE-603  |b ger  |c DE-603  |d DE-603 
041 |a pol 
082 0 4 |8 1\u  |a 900.94382  |q DE-101  |2 23/BSB 
084 |a 7,41  |a 8  |2 ssgn 
085 |8 1\u  |b 900 
085 |8 1\u  |z 2  |s 4382 
085 |8 1\u  |z 2  |s 43832 
100 1 |a Mikołajczyk, Marian 
245 0 0 |a ˜Janicka, Danuta.œ Prawo karne w trzech rewizjach prawa chełmińskiego z XVI wieku. - Toruń : TNT. - 1992 [Rezension] 
264 0 |c 1993 [1994] 
773 0 8 |i In  |t Kwartalnik historyczny  |b [Polnische Ausgabe]  |d Warszawa : Instytut Historii im. Tadeusza Manteuffla Polskiej Akademii Nauk, 1887-  |x 0023-5903  |g Band 100, Heft 3 (1993), Seite 119-120  |w (DE-603)047337249  |w (DE-600)214711-7 
787 0 8 |i Rezension von  |a Janicka, Danuta, 1960-  |t Prawo karne w trzech rewizjach prawa chełmińskiego z XVI wieku  |b Wyd. 1.  |d Toruń : TNT, 1992  |h 150 S.  |z 8385196501  |w (DE-603)028348230 
924 0 |9 2080  |a (DE-603)79134343X  |b DE-2080  |c HES  |d d  |g /